Statistics for Top 100 Most Common Four Letter Words (alphabetic)

Click here to take the quiz!

General Stats

  • This quiz has been taken 3,113 times
  • The average score is 44 of 100

Answer Stats

word% Correct
that
81%
then
77%
what
77%
when
77%
this
76%
your
76%
they
75%
have
72%
love
71%
like
70%
them
69%
will
66%
more
64%
take
64%
give
62%
come
61%
make
61%
want
61%
were
61%
we're
61%
from
59%
can't
58%
than
58%
here
56%
some
56%
time
55%
with
55%
good
54%
just
54%
don't
53%
look
53%
ever
51%
over
51%
went
51%
came
50%
hear
50%
know
50%
same
50%
been
49%
we'll
49%
well
49%
done
48%
home
48%
won't
48%
back
46%
call
46%
into
46%
said
46%
even
45%
work
44%
made
42%
need
42%
best
41%
feel
39%
last
39%
much
39%
talk
39%
care
38%
must
38%
stay
38%
find
37%
very
37%
does
36%
help
36%
stop
36%
down
35%
keep
35%
name
35%
only
34%
kill
33%
mean
33%
hope
32%
hell
31%
knew
31%
wait
31%
kind
30%
away
28%
baby
28%
hard
28%
left
28%
long
28%
next
27%
show
27%
dead
26%
mind
26%
told
25%
both
24%
fine
23%
let's
23%
real
23%
nice
22%
she's
22%
hurt
18%
sure
18%
we've
18%
else
17%
room
16%
idea
15%
okay
12%
guys
9%

Score Distribution

Percentile by Number Answered

Percent of People with Each Score

Your Score History

You have not taken this quiz